000 00655nam a2200217Ia 4500
003 GCL
008 140319s9999 xx 000 0 ara d
040 _aGCL /
_cGCL
082 0 4 _a021.28536
_bج ج
100 1 _aحمد حسن الفرحان
245 1 0 _aحول المكتبات فى قطر /
_cحمد حسن الفرحان
260 _a[S.N] :
_bالمطبعة الاهلية ،
_c1989
300 _a204 ص
490 _a
650 0 4 _aقطر
650 0 4 _aالمكتبات العامة
650 0 4 _aالمكتبات والمعلومات
650 0 4 _aالمكتبات - قطر
650 0 4 _aالمعلومات، علم
942 _2ddc
_cBK
999 _c35511
_d35511